Masa
Elmentve itt :
| Szerző: | |
|---|---|
| Dokumentumtípus: | Cikk |
| Megjelent: |
1971-04-24
|
| Sorozat: | Délmagyarország
61 No. 96 |
| Kulcsszavak: | Machánszky József, Fogklinika, fogászat, iskolafogászat |
| Online Access: | http://dmarchiv.bibl.u-szeged.hu/97098 |
| LEADER | 00468nab a2200157 i 4500 | ||
|---|---|---|---|
| 001 | delm97098 | ||
| 005 | 20190424123800.0 | ||
| 008 | 190424s1971 hu o 0|| hun d | ||
| 040 | |a SZTE Délmagyarország Archívum |b hun | ||
| 041 | |a hun | ||
| 100 | 1 | |a Morvay Sándor | |
| 245 | 1 | 0 | |a Masa |h [elektronikus dokumentum] / |c Morvay Sándor |
| 260 | |c 1971-04-24 | ||
| 300 | |a 8 | ||
| 490 | 0 | |a Délmagyarország |v 61 No. 96 | |
| 695 | |a Machánszky József, Fogklinika, fogászat, iskolafogászat | ||